Congrès International de l'Agriculture tenu à Paris les 11, 12, 13, 14, 15, 17, 18 et 19 juin 1878 : (Record no. 53527)

MARC details
000 -LEADER
campo de control de longitud fija 01088nam a2200229 i 4500
001 - NÚMERO DE CONTROL
campo de control 53527
003 - IDENTIFICADOR DE NÚMERO DE CONTROL
campo de control ES-MaACL
005 - FECHA Y HORA DE LA ÚLTIMA TRANSACCIÓN
campo de control 20230906162801.0
007 - CAMPO FIJO DE DESCRIPCIÓN FÍSICA--INFORMACIÓN GENERAL
campo de control de longitud fija t|
008 - DATOS DE LONGITUD FIJA--INFORMACIÓN GENERAL
campo de control de longitud fija 031031s1879 fr ||||1| fre d
111 2# - ENTRADA PRINCIPAL--NOMBRE DE CONGRESO/REUNIÓN
Nombre de congreso/reunión o jurisdicción como elemento de entrada Congrès International de l'Agriculture (
Fecha del congreso o de la firma del tratado 1878.
Sede del congreso/Lugar de la reunión Paris)
9 (RLIN) 171873
245 10 - MENCIÓN DEL TÍTULO
Título Congrès International de l'Agriculture tenu à Paris les 11, 12, 13, 14, 15, 17, 18 et 19 juin 1878 :
Resto del título comptes rendus sténographiques publiés sous les auspices du Comité Central des Congrès et Confèrences et la direction de Ch. Thirion.
260 ## - PUBLICACIÓN, DISTRIBUCIÓN, ETC.
Lugar de publicación, distribución, etc. Paris :
Nombre del editor, distribuidor, etc. Imp. Nationale,
Fecha de publicación, distribución, etc. 1879.
300 ## - DESCRIPCIÓN FÍSICA
Extensión 345 p. ;
Dimensiones 24 cm.
490 1# - MENCIÓN DE SERIE
Mención de serie Congrès et conférences du Palais du Trocadéro ;
Designación de volumen o secuencia 1
594 ## - Nota al título y mención de responsabilidad
Nota al título y mención de responsabilidad Precede al tít.: Ministère de l'Agriculture et du Commerce, Exposition Universelle International de 1878, a Paris.
650 #4 - PUNTO DE ACCESO ADICIONAL DE MATERIA--TÉRMINO DE MATERIA
Término de materia o nombre geográfico como elemento de entrada Agricultura-
Subdivisión de forma Congresos y asambleas.
9 (RLIN) 161768
711 2# - ENTRADA AGREGADA--NOMBRE DE REUNIÓN
Nombre de congreso/reunión o jurisdicción como elemento de entrada Exposition Universelle (
Fecha del congreso o de la firma del tratado 1878.
Sede del congreso/Lugar de la reunión Paris)
9 (RLIN) 135143
830 1# - PUNTO DE ACCESO ADICIONAL DE SERIE-TÍTULO UNIFORME
Título uniforme Congrès et conférences du Palais du Trocadéro ;
Designación de volumen o secuencia 1
9 (RLIN) 192600
852 ## - LOCALIZACIÓN
Ubicación ES-MaACL
Número de control de estantería G-1744
Holdings
Estatus retirado Estado de pérdida Estado de daño No para préstamo Colección Biblioteca de origen Biblioteca actual Ubicación en estantería Fecha de adquisición Fuente de adquisición Total de préstamos Signatura topográfica completa Código de barras Visto por última vez Precio de reemplazo Tipo de ítem Koha
        Libros del s. XIX Biblioteca del Ateneo de Madrid Biblioteca del Ateneo de Madrid Depósito 2 17/01/2008     G-1744 1056247 23/02/2023 23/02/2023 Libro impreso antiguo